000
00311nam a2200145Ia 4500
100
_a
Orlov/ P.
490
_v
I
942
_c
BK
654
_a
Machine design
245
_a
Fundamentals of machine design
260
_b
Mir Publishers
_a
Moscow
_c
1976
082
_a
621.815
300
_a
517
546
_a
ENGLISH
999
_c
34342
_d
34342